Responses for Show #8398 - Wednesday, May 12, 2021

Champion's winnings & consolation amounts matched to Media Fellowship House.

Contestants

[<< previous game]

Dave Friedlander, a freelancer originally from Milwaukee, Wisconsin

Amanda Ganske, a product marketing manager from Austin, Texas

Jeff Mitchum, a teacher from Dixon, California (whose 1-day cash winnings total $31,200)

[next game >>]

Jeopardy! Round responses

THE WORST PART OF WAKING UP
THE MEASURE OF A FILM
NAPOLEON THE INNOVATOR
STUPID ANSWERS
"A" IS FOR WRITER
'CAUSE WE SPELL GOOD
    $200 16
toothpaste

Jeff
    $200 22
Foot

Dave
    $200 25
Braille

Amanda
    $200 4
desert

Amanda
    $200 14
Hans Christian Andersen

Dave
    $200 12
four

Amanda
    $400 18
morning breath

Amanda
    $400 23
Mile

Jeff
    $400 17
the metric system

Dave
    $400 5
John Legend

Jeff
    $400 8
Alcott

Jeff
    $400 13
(Amanda: O-F--Oh, no.)
...
(Bill: We were looking for [*] in camouflage.

O & U

Amanda
Triple Stumper
    $600 19
a showerhead

Dave
    $600 1
mm

Jeff
    $3,600 21
(Jeff: What is...)

ambulance service

Jeff
    $600 6
the Antarctic & the Southern Ocean

Amanda
    $600 9
Douglas Adams

Jeff
    $600 26
K-E-R-N-E-L

Jeff
    $800 20
a hangover

Jeff
    $800 2
Angry Inch

Jeff
    $800 29
Quebec

Amanda
    $800 7
Love Island

Dave
    $800 10
Amis

Jeff
    $800 27
(Bill: Yes, [*] vowels in tambourine.)

five

Dave
    $1000 24
dry eye

Amanda
    $1000 3
Fathoms

Jeff
    $1000 30
the Rosetta Stone

Amanda
    $1000 15
the Stamp Act

Dave
    $1000 11
Allende

Dave
    $1000 28
E

Jeff

Scores at the first commercial break (after clue 14):

Jeff Amanda Dave
$4,600 $600 $2,000

Scores at the end of the Jeopardy! Round:

Jeff Amanda Dave
$4,000 $4,000 $5,000

Double Jeopardy! Round responses

COMPOSERS ALL AROUND
WORD ORIGINS
BIRDS OF PRAY
7-LETTER COUNTRIES
AMERICAN HISTORY
I'LL REPEAT MYSELF AGAIN, TOO
    $400 15
hold music

Jeff
    $400 3
mortgage

Jeff
    $400 22
Peter

Jeff
    $400 21
(Jeff: What is... no.)

Uruguay

JeffAmanda
    $400 9
a Model T

Jeff
    $400 20
a tom-tom

Amanda
    $800 6
Curb Your Enthusiasm

Amanda
    $800 2
a corral

Amanda
    $800 23
a goose

Jeff
    $800 27
Finland

Triple Stumper
    $800 11
a chessboard

Amanda
    $800 16
(Jeff: What is plaque?)

tartar

JeffAmanda
    $1200 7
Intel

Dave
    $1200 1
[Jeff selected the first clue.]

translucent

Amanda
    $1200 24
Solomon

Triple Stumper
    $1200 28
(Dave: What is Peru?)

Bolivia

Dave
Triple Stumper
    $1200 12
the Pony Express

Jeff
    $1200 17
a yo-yo

Jeff
    $1600 8
Weekend Edition

Triple Stumper
    $1600 4
torso

Jeff
    $1600 25
St. Francis

Amanda
    $1600 29
Croatia

Amanda
    $4,000 13
(Jeff: What is Oklahoma?)

Wisconsin

Jeff
    $1600 18
mahi-mahi

Dave
    $2000 10
Fountains of Wayne

Amanda
    $2000 5
attar

Triple Stumper
    $1,000 26
(Amanda: What is Hinduism?)

Sikhism

Amanda
    $2000 30
(Amanda: What is Albania?)

Armenia

Amanda
Triple Stumper
    $2000 14
(Amanda: Who is Van Buren?)
(Jeff: Who is Zachary Taylor?)

Franklin Pierce

JeffAmanda
Triple Stumper
    $2000 19
Mirror, Mirror

Amanda

Scores at the end of the Double Jeopardy! Round:

Jeff Amanda Dave
$3,200 $11,400 $6,600

[wagering suggestions for these scores]

Final Jeopardy! Round responses

WORLD'S FAIRS
(Bill: [To Jeff] The Space Needle was built for that fair.)
JeffWhat is Space Age?
$3,195
DaveWhat is the Modern Era?
$6,000
AmandaWhat is the space age?
$2,600
Space Age

Final scores:

Jeff Amanda Dave
$6,395 $14,000 $600
2nd place: $2,000 New champion: $14,000 3rd place: $1,000

Game dynamics:

Coryat scores:

Jeff Amanda Dave
$10,800 $12,400 $6,600
20 R,
5 W
(including 2 DDs)
19 R,
4 W
(including 1 DD)
10 R,
1 W

Combined Coryat: $29,800

[game clues] [game scores] [suggest correction]

Game tape date: 2021-03-03
The J! Archive is created by fans, for fans. Scraping, republication, monetization, and malicious use prohibited; this site may use cookies and collect identifying information. See terms. The Jeopardy! game show and all elements thereof, including but not limited to copyright and trademark thereto, are the property of Jeopardy Productions, Inc. and are protected under law. This website is not affiliated with, sponsored by, or operated by Jeopardy Productions, Inc. Join the discussion at JBoard.tv.